Elementary engineering drawing / (Record no. 75)
[ view plain ]
| 000 -LEADER | |
|---|---|
| fixed length control field | 00699cam a2200301ua 4500 |
| 041 ## - LANGUAGE CODE | |
| Language code of text/sound track or separate title | eng |
| 082 ## - DEWEY DECIMAL CLASSIFICATION NUMBER | |
| Classification number | 604.2 |
| Item number | BHA/EL |
| 100 ## - MAIN ENTRY--AUTHOR NAME | |
| Personal name | Bhatt, N.D . |
| 245 ## - TITLE STATEMENT | |
| Title | Elementary engineering drawing / |
| 250 ## - EDITION STATEMENT | |
| Edition statement | 6 / |
| 260 ## - PUBLICATION, DISTRIBUTION, ETC. (IMPRINT) | |
| Place of publication | New Delhi : |
| Name of publisher | Charotar book stall , |
| Year of publication | 1965. |
| 300 ## - PHYSICAL DESCRIPTION | |
| Number of Pages | 491 ; . |
| 942 ## - ADDED ENTRY ELEMENTS (KOHA) | |
| Koha item type | Books |
| 003 - CONTROL NUMBER IDENTIFIER | |
| control field | @ |
| 003 - CONTROL NUMBER IDENTIFIER | |
| control field | OSt |
| Withdrawn status | Lost status | Damaged status | Home library | Current library | Date acquired | Cost, normal purchase price | Full call number | Accession Number | Koha item type | Shelving location | Collection code |
|---|---|---|---|---|---|---|---|---|---|---|---|
| Withdrawn | KAUAET | KAUAET | 07/04/2012 | 13.50 | 604.2 | 7336 | Books | ||||
| Withdrawn | KAUAET | KAUAET | 07/04/2012 | 13.50 | 604.2 | 7634 | Books | ||||
| Withdrawn | Damaged | KAUAET | KAUAET | 07/04/2012 | 13.50 | 604.2 | 7639 | Books | Binding Shelf | ||
| Withdrawn | KAUAET | KAUAET | 07/04/2012 | 13.50 | 604.2 | 7636 | Books | ||||
| Withdrawn | KAUAET | KAUAET | 07/04/2012 | 13.50 | 604.2 | 7632 | Books | ||||
| KAUAET | KAUAET | 11/02/1986 | 604.2 | 14841 | Books | ||||||
| KAUAET | KAUAET | 11/02/1986 | 604.2 | 14836 | Books | ||||||
| KAUAET | KAUAET | 11/02/1986 | 604.2 | 14842 | Books | ||||||
| KAUAET | KAUAET | 03/05/2012 | 604.2 BHA/EL | 21315 | Books | General Stacks | Non-fiction | ||||
| Withdrawn | KAUAET | KAUAET | 16/07/2020 | 13.50 | 604.2 BHA/EL | 7633 | Books | ||||
| Withdrawn | Lost and Paid For | KAUAET | KAUAET | 16/07/2020 | 13.50 | 604.2 BHA/EL | 7641 | Books | |||
| Withdrawn | Lost and Paid For | KAUAET | KAUAET | 16/07/2020 | 13.50 | 604.2 BHA/EL | 7642 | Books | |||
| Withdrawn | Lost and Paid For | KAUAET | KAUAET | 16/07/2020 | 13.50 | 604.2 BHA/EL | 7642 A | Books |
